Nigerian- companies income tax. (Record no. 33007)

MARC details
000 -LEADER
fixed length control field 00365nam a2200157Ia 4500
020 ## - INTERNATIONAL STANDARD BOOK NUMBER
ISBN 9780728384
050 ## - CALL MARK
Classification number KP 84.5 .A3/
100 ## - STATEMENT OF RESPONSIBILITY--MAIN AUTHOR NAME
Personal name Abuh adah
245 #0 - TITLE STATEMENT
Title Nigerian- companies income tax.
260 ## - PUBLICATION, DISTRIBUTION, ETC. (IMPRINT)
Year of publication 2007
300 ## - PHYSICAL DESCRIPTION
Number of Pages 275 p
650 ## - SUBJECT ADDED ENTRY--TOPICAL TERM
Topical Term Company income tax.
942 ## - ADDED ENTRY ELEMENTS (KOHA)
Koha item type Books
Holdings
Withdrawn status Lost status Source of classification or shelving scheme Damaged status Not for loan Permanent Location Current Location Date acquired Accession Number Price effective from Koha item type
    Library of Congress Classification     Law Library Law Library 04/23/2025 0186383 04/23/2025 Books